| 000 | 00609nam a2200217 i 4500 | ||
|---|---|---|---|
| 001 | bgj | ||
| 245 | 0 | 0 |
_aCollins Cobuild English Usage : _bfor learners / _ceditor John Sinclair. |
| 260 |
_aGlasgow : _bHarper Collins Publishers, _c2004. |
||
| 300 |
_aXIII, 817 pp ; _c24 cm. |
||
| 505 | _aIncludes CD-ROM. | ||
| 650 | 9 |
_aEnglish language _xUsage |
|
| 650 | 9 |
_aEnglish language _xStyle |
|
| 655 | _aDictionaries | ||
| 700 | 1 |
_aSINCLAIR, John. _eeditor |
|
| 020 | _a0007163460 | ||
| 040 | _cBPK | ||
| 041 | 0 | _aeng | |
| 920 | _a0-00-716346-0 | ||
| 942 | _cKS | ||
| 008 | s uk f |000 0 eng | ||
| 999 |
_c48744 _d48744 |
||
| 856 |
_uhttp://koha.tu.koszalin.pl/cgi-bin/koha/opac-detail.pl?biblionumber=48744 _yKatalog online BPK |
||